• 首页
  • 本馆介绍
  • 公告通知
  • 最新文献
  • 馆藏检索
  • 电子资源
  • 读者导购
  • 参考咨询
  • 我的图书馆
  • 登录
  • 详细信息显示
  • 放入我的书架
  • 预约/预借图书
  • 作者相关作品
  • 分类相关作品
  • 丛书相关作品
  • 出版社相关作品

书目信息

  • 表格格式
  • 工作单格式
  • 卡片格式
题名:
量词
    
 
作者: 李劲荣 主编 ;孙鹏飞 著
分册:  
出版信息: 北京   北京语言文化大学出版社  2024.06
页数: 213页
开本: 22cm
丛书名:
单 册:
中图分类: H195.3
科图分类:
主题词: 汉语--语言教学
电子资源:
ISBN: 7-5619-6566-4
000 00627nam0 2200205 450
001 2552000306
005 20251217142937.65
010    @a7-5619-6566-4@dCNY75.00
100    @a20251217d2024 km y0chiy0120 ea
101 0  @achi
102    @aCN@b110000
200 1  @a量词@ALiang Ci@f李劲荣主编;孙鹏飞著@FLi Jin Rong Zhu Bian;Sun Peng Fei Zhu
210    @a北京@c北京语言文化大学出版社@d2024.06
215    @a213页@d22cm
606 0  @a汉语@x语言教学
690    @aH195.3@v4
701  0 @a李劲荣@ALi Jin Rong@4主编
702  0 @a孙鹏飞@ASun Peng Fei@4著
801  0 @aCN@b大连网信软件有限公司图书馆·11@c20251217
905    @aZUCC@dH195.3@e587
    
    量词/李劲荣主编;孙鹏飞著.-北京:北京语言文化大学出版社,2024.06
    213页;22cm
    
    
    ISBN 7-5619-6566-4:CNY75.00
    
●
相关链接 在E读中查询图书 在五车中查询图书 在当当中查询图书 在豆瓣中查询图书


正题名:量词     索取号:H195.3/587         预约/预借

序号 登录号 条形码 馆藏地/架位号 状态 备注
1 1442042   214420429   第二样本阅览室/ [索取号:H195.3/587] 已借出,限还日期为2035.12.17
借出人:刘巍  
 
唐山师范学院图书馆 欢迎您!
大连网信软件有限公司© 版权所有